Toán học và những suy luận có lí

Sparad:
Bibliografiska uppgifter
Huvudupphovsman: G.Polya
Övriga upphovsmän: Hà, Sĩ Hồ
Materialtyp: Bok
Språk:Undetermined
Publicerad: H. Giáo dục 1995
Ämnen:
Länkar:http://lrc.tdmu.edu.vn/opac/search/detail.asp?aID=2&ID=6041
Taggar: Lägg till en tagg
Inga taggar, Lägg till första taggen!
Thư viện lưu trữ: Trung tâm Học liệu Trường Đại học Thủ Dầu Một
LEADER 00596nam a2200205Ia 4500
001 TDMU_6041
008 210410s9999 xx 000 0 und d
082 |a 510.1 
090 |b G.P428 
100 |a G.Polya 
245 0 |a Toán học và những suy luận có lí 
245 0 |c G.Polya 
260 |a H. 
260 |b Giáo dục 
260 |c 1995 
300 |a 351tr 
650 |a Toán học  |x Suy luận 
700 |a Hà, Sĩ Hồ 
856 |u http://lrc.tdmu.edu.vn/opac/search/detail.asp?aID=2&ID=6041 
980 |a Trung tâm Học liệu Trường Đại học Thủ Dầu Một